| 000 | 00913cas a22002897a 4500 | ||
|---|---|---|---|
| 005 | 20220329142322.0 | ||
| 008 | 000620u1959 cr zr pernn 0 b1eng d | ||
| 010 | _a81628 | ||
| 011 | _a82600 | ||
| 035 | _a93099 | ||
| 245 | 0 | 0 | _aCoffee and Cacao Technical Services |
| 260 | 0 |
_aTurrialba, C.R. : _bScientific Communications Service, _c1959- |
|
| 300 | _av. | ||
| 310 | _aBimestral | ||
| 362 | _av.5 n.16, 1963 | ||
| 590 |
_aBATCH-UPD _b10 _c20130110 _lUCH01 _h2350 |
||
| 590 |
_aBATCH-UPD _b10 _c20130410 _lUCH01 _h1636 |
||
| 590 |
_aBATCH-UPD _b10 _c20130914 _lUCH01 _h0804 |
||
| 590 |
_aCONVERSION _b10 _c20130109 _lUCH01 _h1345 |
||
| 650 | 1 | 4 |
_aCacao _xPublicaciones periódicas. _916969 |
| 650 | 1 | 4 |
_aCafé _xPublicaciones periódicas. _917191 |
| 866 | _av.3 n.8-11 (1961) | ||
| 866 | _av.4 n.13-15 (1962) | ||
| 866 | _av.5 n.16-17,19 (1963) | ||
| 901 | _aSE | ||
| 905 | _aLilia Sánchez G. | ||
| 999 |
_c81628 _d81628 |
||